Guess the fish - Statistics

General Stats
  • This quiz has been taken 25 times
  • The average score is 10 of 20
Answer Stats
Picture Answer % Correct
Goldfish
100%
Clownfish
84%
Swordfish
84%
Tuna
84%
Salmon
80%
Eel
76%
Pufferfish
72%
Sardines
72%
Rainbow Trout
56%
Grouper
52%
Blue Tang
44%
Perch
36%
Anchovy
32%
Snapper
32%
Cod
28%
Zebrafish
28%
Herring
16%
Striped Damselfish
12%
Anabas
4%
Skate fish
4%
No matching quizzes found
Score Distribution
Percent of People with Each Score
Percentile by Number Answered
Your Score History
You have not taken this quiz